000 00208 a2200097 4500
001 12243
100 _aJane's
245 _aHelicopter Markets and Systems
260 _a
_bJane's Group
_c
090 _c9473
_d9473
942 _aNUST-CAE
_c
_c36348
999 _c247316
_d247316